| 000 | 00747pam a2200229 a 4500 | ||
|---|---|---|---|
| 001 | 1577401 | ||
| 005 | 20250131185205.0 | ||
| 008 | 930415s1994 mdua b 001 0 eng c | ||
| 020 | _a0683091107 | ||
| 050 | 1 | 0 |
_aRC76 _b.W55 1994 |
| 082 | 0 | 0 |
_a616.07/54 _220 |
| 100 | 1 | _aWillms, Janice L. | |
| 245 | 1 | 0 |
_aPhysical diagnosis : _bbedside evaluation of diagnosis and function / _cJanice L. Willms, Henry Schneiderman, Paula S. Algranati. |
| 260 |
_aBaltimore : _bWilliams & Wilkins, _cc1994. |
||
| 300 |
_axxiv, 804 p. : _bill. ; _c28 cm. |
||
| 650 | 0 | _aPhysical diagnosis. | |
| 650 | 2 | _aPhysical Examination. | |
| 650 | 2 | _aMedical History Taking. | |
| 700 | 1 |
_aSchneiderman, Henry, _d1951- |
|
| 700 | 1 | _aAlgranati, Paula S. | |
| 942 |
_2lcc _cBK _n0 |
||
| 999 |
_c3321 _d3321 |
||